Tilastot visalle Satunnaisia Maailman Lippuja #2

Klikkaa tästä pelataksesi tätä visaa!

Yleistilastot

  • Tätä visaa on pelattu 14 kertaa
  • Keskiarvotulos 12 / 16

Vastaustilastot

Vastaus% Oikein
Irlanti
93%
Algeria
86%
Sri lanka
86%
Kazakstan
79%
Liettua
79%
Belize
71%
Libya
71%
Malediivit
71%
Nauru
71%
Taiwan
71%
Tuvalu
71%
Oman
64%
Tsad
64%
El salvador
57%
Gambia
57%
Jordania
57%

Tulosjakauma

Persentiili vastausten määrän mukaan

Jokaisen tuloksen saaneiden osuus

Tuloshistoriasi

Et ole pelannut tätä visaa